| 000 | 00442nam a2200121Ia 4500 | ||
|---|---|---|---|
| 008 | 220620s9999||||xx |||||||||||||| ||und|| | ||
| 100 | _aJones, Matthew J. | ||
| 245 | 0 |
_aLove Don't Need a Reason _bThe Life & Music of Michael Callen |
|
| 546 | _aEnglish[eng] | ||
| 650 | _aMichael Callen||HIV/AIDS||popular music||LGBTQ||history||LGBTQ activism | ||
| 856 | _uhttps://library.oapen.org/bitstream/20.500.12657/42797/1/0297.1.00.pdf | ||
| 942 | _cEB | ||
| 999 |
_c25671 _d25671 |
||